000 01054nas a2200361 4500
001 BR0604202
003 BR-BrBNA
005 20231205110349.0
007 ta
008 230509b bl.|||p| |||| 00| 00por d
040 _aBR-BrBNA
_bpor
_cBiblioteca Nacional de Agricultura
041 _a(Pt)
072 _aF30; H20
100 1 _aVieira, E.A.
100 1 _aCarvalho, F.I.F. de
100 1 _aChaves, M.S.
100 1 _aOliveira, A.C. de
100 1 _aBertan, I.
100 1 _aMartins, A.F.
100 1 _aHartwig, I.
100 1 _aBenin, G.
100 1 _aValério, I.P.
100 1 _aFonseca, D.A.R.
245 1 _aPadrão de resistência de genótipos de aveia à ferrugem-da-folha na definição de hibridações
650 _aAVEIA
650 _aFERRUGEM
650 _aFOLHA
650 _aVARIEDADE RESISTENTE
650 _aHIBRIDAÇÃO
773 0 _tPesquisa Agropecuária Brasileira (Brazil)
_xISSN 0100-204X
_g(Apr 2006), v. 41(4) p. 607-614
_wBR0604202
909 _a202311
_bLúcia
_c55
_dLúcia Elande
942 _2AGRIS
_n0
_cANA
999 _c187118
_d187118